LIBRARY & INFORMATION CENTRE, KCAET, TAVANUR

ONLINE PUBLIC ACCESS CATALOGUE (OPAC)

Soil mechanics / (Record no. 1893)

MARC details
000 -LEADER
fixed length control field 00454cam a2200169ua 4500
003 - CONTROL NUMBER IDENTIFIER
control field OSt
008 - FIXED-LENGTH DATA ELEMENTS--GENERAL INFORMATION
fixed length control field 250405b |||||||| |||| 00| 0 eng d
020 ## - INTERNATIONAL STANDARD BOOK NUMBER
ISBN 0-85226-502-6
020 ## - INTERNATIONAL STANDARD BOOK NUMBER
ISBN 9788126517794
082 ## - DEWEY DECIMAL CLASSIFICATION NUMBER
Classification number 624.151 36
Item number LAM/ME
100 ## - MAIN ENTRY--AUTHOR NAME
Personal name Lambe, William T .
245 ## - TITLE STATEMENT
Title Soil mechanics /
260 ## - PUBLICATION, DISTRIBUTION, ETC. (IMPRINT)
Place of publication New Delhi :
Name of publisher Wiley Eastern Ltd ,
-- Wiley India
Year of publication 1983.
-- 2011
300 ## - PHYSICAL DESCRIPTION
Number of Pages 553 ; .
700 1# - ADDED ENTRY--PERSONAL NAME
Personal name Whitman, Robert V .
942 ## - ADDED ENTRY ELEMENTS (KOHA)
Koha item type Books
Holdings
Withdrawn status Lost status Damaged status Home library Current library Date acquired Full call number Accession Number Koha item type Collection code Shelving location Source of acquisition Cost, normal purchase price
      KAUAET KAUAET 07/04/2012 624.15136 LAM/ME 16802 Books        
      KAUAET KAUAET 30/03/2013 624.151 36 LAM/ME 23712 Books Non-fiction General Stacks Calicut Book Distributors 599.00
free website counter